LEADER 00945nam a2200241 i 4500 001 000000154756 003 CaOOAMICUS 005 20090310000000.0 008 090310s1974 it u000 u ita u 013 $a132104 040 $aSeMil$bita 100 1 $aRagghianti Collobi, Licia.$0(OLS)http://semarc/name/60541 245 13$aIl Libro de' Disegni del Vasari :$b[Testo] /$cLicia Ragghianti Collobi. 260 $aFirenze :$bVallecchi,$ccopyr. 1974. 300 $a213 p. ;$c28 cm. 500 $aFondo Card. Giovanni Colombo. 650 4$aVasari, Giorgio <1511-1574> - Opere.$0(OLS)http://semarc/subject/3992 850 $aSeMil 852 $aSeMil$W1$xVenegono$y1$m5R XI 65$j106612$B106612$CSeMilBibl$Z2$F140097 $81 941 1 $a3 961 $aLascito: Colombo Card. Giovanni 996 $6245$aIl Libro de' Disegni del Vasari :$b[Testo]$9(OLS)http://semarc/title/226545 996 $6260$aFirenze :$bVallecchi$9(OLS)http://semarc/publisher/29768 LEADER 01307nam a2200289 4500 001 000000363358 003 CaOOAMICUS 005 20250625113749.0 008 250625s2024 it a 000 u ita r 020 $a978-88-06-23718-9 040 $aSeMil$bita 100 1 $aLeoni, Diego,$d<1949- >.$0(OLS)http://semarc/name/122303 245 13$aLa guerra verticale :$buomini, animali e macchine sul fronte di montagna, 1915-1918 /$cDiego Leoni. 250 $a2. Ed. 264 1$aTorino :$bEinaudi,$c2024. 300 $aXV, 669 p. :$bill. ;$c21 cm 490 1 $aET Storia 650 4$aGuerra mondiale <1914-1918> - Fronte alpino.$0(OLS)http://semarc/subject/57976 650 4$aAlpi - Guerra mondiale <1915-1918>.$0(OLS)http://semarc/subject/57977 650 4$aItalia - Storia militare.$0(OLS)http://semarc/subject/37001 830 0$aET Storia.$0(OLS)http://semarc/title/400933 850 $aSeMil 852 $aSeMil$W1$xVenegono$y1$m3V III 321$j258810$B254214$CSeMilBibl$Z2$F254214 $81 996 $6020$a978-88-06-23718-9$9(OLS)http://semarc/number/303496 996 $6245$aLa guerra verticale :$buomini, animali e macchine sul fronte di montagna, 1915-1918$9(OLS)http://semarc/title/454546 996 $6264$aTorino :$bEinaudi$9(OLS)http://semarc/publisher/29884 LEADER 01135nam a2200277 i 4500 001 000000245278 003 CaOOAMICUS 005 20151001000000.0 008 151001s1944 it u000 u ita u 013 $a224183 040 $aSeMil$bita 100 1 $aPozzoni, Ettore.$0(OLS)http://semarc/name/20249 245 13$aLa direzione spirituale del giovane. Note di esperienza /$cP. Ettore Pozzoni. 260 $aMilano :$bÀncora,$c1944. 300 $a135 p. ;$c18 cm. 490 0 $aI quaderni dell'educazione cristiana ;$v3 500 $aFondo card. Giovanni Colombo. 650 4$aGiovani.$0(OLS)http://semarc/subject/6300 650 4$aDirezione spirituale.$0(OLS)http://semarc/subject/2829 830 2$aI quaderni dell'educazione cristiana ;$v3.$0(OLS)http://semarc/title/41028 850 $aSeMil 852 $aSeMil$W1$xVenegono$y1$m3GC II 403$j195624$B195624$CSeMilBibl$Z2$F206304 $8B 941 1 $a3 961 $aLascito: Colombo Card. Giovanni 996 $6245$aLa direzione spirituale del giovane. Note di esperienza$9(OLS)http://semarc/title/267727 996 $6260$aMilano :$bÀncora$9(OLS)http://semarc/publisher/29763